000 00544nam a2200193Ia 4500
003 LK-CoDNM
005 20241127122717.0
008 010623t1985 xxu||||| |||| 00| 1 sin d
040 _aLK-CoDNM
_dLK-CoDNM
_eLK-CoDNM
041 _asin
080 _a294.3.008
_bWEE
100 _aWeeraman,Regee.
245 _aබෞද්ධ ශිෂ්ඨාචාරයේ මුල් යුගය
246 _aBauddha Shistacharaye Mul Yugaya
260 _bgunasena
_aColombo
_c1985
300 _b200p. : 21 cm
650 _aBuddhism
942 _cBK
999 _c112996
_d112996